00711nam a2200241 a 4500001001300000003000900013005001700022008004100039020001000080082001300090100001900103245007800122260003900200300000900239500003500248505001000283650001300293700001900306902000800325942000700333952011400340999001500454nice12345678IN_TiNIC20260116012800.0050524s0000 lona grp 000 0 eng  ac10000a230bWIL aWiles, Maurice aMaking of Christian Doctrineb Study in the Principles of Early Doctrinal aLondonbCambridge Universityc0000 a184p aincludes index and biblioraphy2 aIndex aTheology1 aWiles, Maurice bSRS cBK 001040708StackRoom-aHMIbHMId2007-06-13g100.00l0o230 WILp011112r2007-06-13v100.00w2005-05-24yBK c8340d8340